Natura, historia, egzystencja

Titel: Natura, historia, egzystencja : w poszukiwaniu romantycznego uniwersum / Jacek Lyszczyna
Verfasser:
Veröffentlicht: Katowice : Wydawn. Uniw. Śla̜skiego, 2011
Umfang: 180 Seiten ; 21 cm
Format: Buch
Sprache: Polnisch
Schriftenreihe/
mehrbändiges Werk:
Prace naukowe Uniwersytetu Śla̜skiego w Katowicach ; 2885
Schlagworte:
ISBN: 9788322620069 ; 8322620063
Buchumschlag
X
Lokale Klassifikation: 32 10 D ; 32 15 Q ; 2 M 39 ; 2 S 70
alg: 28884121
001A    $03004:02-02-12 
001B    $06055:01-03-26 $t20:20:03.000 
001D    $03004:02-02-12 
001U    $0utf8 
001X    $00 
002@    $0Aau 
002C    $aText $btxt $2rdacontent 
002D    $aohne Hilfsmittel zu benutzen $bn $2rdamedia 
002E    $aBand $bnc $2rdacarrier 
003@    $0288841212 
003O    $0774844342 $aOCoLC 
004A    $A978-83-226-2006-9 
004A    $083-226-2006-3 
007A    $0AC08903630 $aOBV 
007G    $0DE020E84A8FB03CCC494EC12579FE003667F8 
007T    $0Herdhh288841212 
009P    $qapplication/pdf $A2 $3Inhaltsverzeichnis $uhttp://scans.hebis.de/HEBCGI/show.pl?28884121_toc.pdf $mV:DE-603;B:DE-Mb50 
010@    $apol 
011@    $a2011 
021A    $aNatura, historia, egzystencja $dw poszukiwaniu romantycznego uniwersum $hJacek Lyszczyna 
028A    $BVerfasser $4aut $7 $8Lyszczyna, Jacek [Tnx] $9168600153 
033A    $pKatowice $nWydawn. Uniw. Śla̜skiego 
034D    $a180 Seiten 
034I    $a21 cm 
036E    $aPrace naukowe Uniwersytetu Śla̜skiego w Katowicach $l2885 
036F    $x42885 $8Prace naukowe Uniwersytetu Śla̜skiego w Katowicach $9005325994 $l2885 
037A    $aLiteraturverzeichnis Seite 177 - [178] 
044K    $RLechisch $#Polish language $#Polonais (langue) $#Lingua polacca $#Lengua polaca $#Polnisch $#Polnische Sprache $D20251120 $Ecgmnf $74120314-8 $8Polnisch [Ts1] $9085383503 
044K    $RBuch $RSchriftsteller $#Literature $#Littérature $#Letteratura $#Literatura $#literature $#Literature $#Literatur $#Literatur $#Belletristik $#Dichtung Literatur $#Schöne Literatur $#Sprachkunst $#Wortkunst $D20251120 $Ecgmnf $74035964-5 $8Literatur [Tsz] $9085097128 
044K    $RBiedermeier $#Romanticism $#Romantisme $#Romanticismo $#Romantik $#Frühromantik $#Spätromantik $D20251120 $Ecgmnf $74050491-8 $8Romantik [Ts1] $9085140775 
045F    $a809 $eDDC23BSB 
045F/01 $a809 
045F/03 $g438 
045G    $a306.0943809034 $eDDC23BSB 
045G/01 $a306.09 
045G/03 $f09034 
045G/03 $g438 
045H    $a800 $eDDC23BSB 
045H/01 $a800 
045H/03 $g438 
046L    $aZusammenfassung in französischer und englischer Sprache 

lok: 28884121 24
101B    $003-05-12 $t11:29:25.000 
101C    $003-05-12 
101U    $0utf8 
145Z/01 $a32 10 D 
145Z/02 $a32 15 Q 
145Z/03 $a2 M 39 
145Z/04 $a2 S 70 

exp: 28884121 24 1 #EPN
201B/01 $003-05-12 $t11:29:25.000 
201C/01 $002-02-12 
201U/01 $0utf8 
203@/01 $0637529715 
208@/01 $a02-02-12 $bz 
209A/01 $a12.00436 $du $f050 $h12 00436 $x00 
209C/01 $a12.00436 T $h12 00436 T 
209G/01 $a72895657 $x00 
220C/01 $ajwa 
244Z/01 $#מיצקעוויטש, אדאם $#Mickiewicz, Adam Bernard $#Mickiewicz, Adam Napoleon $#Mickiewicz, A. Napoleon $#Mickiewicz, A. N. $#Mizkiewitsch, Adam $#Mickiewitz, Adam $#Mickiewicz, Adam Bernhard $#Mickevičius, Adam $#Mickevič, Adam $#Mit͡skevich, Adam $#Mi-tzʿŭ-kʿai-wei-chih $#Mitski͡evych, Adam $#Mitsḳievits, Adam $#Mickevičius, Adomas $#Mickewicz, Adam $#Mickjevič, Adam $#Mitsḳevits', Adam $#Mit͡skevych, Adam $#Mickus $#Mickevyc, Adam $#Mickiewicz, Adamo $#Mickevičius, A. $#Mickiewicz, A. $#Mickiewicz, Ad. $#Mizkiewcz $#Mickevyč, Adam $#Mickievicz, Adam $#מיצקביץ, אדם $#מיצקעוויטש, אדאם $#מיצקעוויטש, אדם $#מיצקיביץ, אדם $#מיצקיוויץ, אדם $711873377X $8--Tp1--Mickiewicz, Adam$Z1798-1855 $x01 $9087074516 
244Z/01 $#Slowacki, Juliusz $#Slovackij, Juliuš $#Slovacʹkyj, Juliuš $#Slovatckij, Juliuš $#Slovat͡skiĭ, I͡Uliush $#Slovat͡sʹkyĭ, I͡Uliush $#Dantyszek $#Slovackis, J. $#Slovackij, Julij $#Slovackis, Julius $#Slowacki, Juliusz $#Slovatṣki, Yuliyush $#Slowacki, Jules $#Slowatzki, J. $#Slowatzki, Julius $#Słovacʹkyj, Juliuš $#Słowacki, J. $#Słowacki, Jules $#Słowacki, Julius $#Słowacki, Juljusz $#Słowacki, Juluisz $#Slowaki, Julius $#Slowacki, Juliusz $7118748467 $8--Tp1--Słowacki, Juliusz$Z1809-1849 $x02 $9087089165 
247C/01 $8358050-7 Marburg, Bibliothek des Herder-Instituts Marburg $9102600961 

lok: 28884121 66

exp: 28884121 66 1 #EPN
201B/01 $013-02-12 $t12:44:50.000 
201C/01 $013-02-12 
201U/01 $0utf8 
203@/01 $0638256178 
208@/01 $a13-02-12 $bz 
209A/01 $aLw Lys/N $du $f000 $x00 
209C/01 $a12/b186BUŚ 
247C/01 $8618123-5 Darmstadt, Bibliothek des Deutschen Polen-Instituts $9102600902 

lok: 28884121 78

exp: 28884121 78 1 #EPN
201B/01 $019-04-17 $t22:03:42.000 
201U/01 $0utf8 
203@/01 $0793887593 
208@/01 $a12-11-16 $be 
209A/01 $a/ $f000 $x00 
237A/01 $aweiterführende Signatur(en): Herder-Institut: 12.00436 
244Z/01 $2Trx $#Poola $#Lenkija $#Polija $#Polen Land $#Poland $#Lengyelország $#Poľsko $#Polsko $8--Trx--Polska$gkraj $x01 $9391345966 
244Z/01 $2Trx $8--Trx--Monographie $x02 $9391384546 
245Z/01 $a11.08 $x01 
247C/01 $82080>Marburg/Lahn, Herder-Institut, Forschungsbibliothek, Bibliographieportal $9336309341
LEADER 00000cam a2200000 c 4500
001 288841212
003 DE-603
005 20260301202003.0
007 tu
008 120202s2011 xx |||| | u00||u|pol c
020 |a 9788322620069 
020 |a 8322620063 
035 |a (DE-599)OBVAC08903630 
035 |a (OCoLC)774844342 
040 |a DE-603  |b ger  |c DE-603  |d DE-603 
041 |a pol 
082 0 4 |8 1\u  |a 809  |q DE-101  |2 23/BSB 
083 0 |8 2\u  |a 306.0943809034  |q DE-101  |2 23/BSB 
083 0 |8 3\u  |a 800  |q DE-101  |2 23/BSB 
085 |8 1\u  |b 809 
085 |8 1\u  |z 2  |s 438 
085 |8 2\u  |b 306.09 
085 |8 2\u  |z 1  |s 09034 
085 |8 2\u  |z 2  |s 438 
085 |8 3\u  |b 800 
085 |8 3\u  |z 2  |s 438 
100 1 |a Lyszczyna, Jacek  |e Verfasser  |4 aut  |0 (DE-603)168600153 
245 0 0 |a Natura, historia, egzystencja  |b w poszukiwaniu romantycznego uniwersum  |c Jacek Lyszczyna 
264 1 |a Katowice  |b Wydawn. Uniw. Śla̜skiego  |c 2011 
300 |a 180 Seiten  |c 21 cm 
336 |a Text  |b txt  |2 rdacontent 
337 |a ohne Hilfsmittel zu benutzen  |b n  |2 rdamedia 
338 |a Band  |b nc  |2 rdacarrier 
490 1 |a Prace naukowe Uniwersytetu Śla̜skiego w Katowicach  |v 2885 
500 |a Literaturverzeichnis Seite 177 - [178] 
546 |a Zusammenfassung in französischer und englischer Sprache 
650 7 |a Polnisch  |0 (DE-588)4120314-8  |0 (DE-603)085383503  |2 gnd 
650 7 |a Literatur  |0 (DE-588)4035964-5  |0 (DE-603)085097128  |2 gnd 
650 7 |a Romantik  |0 (DE-588)4050491-8  |0 (DE-603)085140775  |2 gnd 
810 2 2 |a Uniwersytet Śląski  |t Prace naukowe Uniwersytetu Śla̜skiego w Katowicach  |v 2885  |w (DE-603)005325994  |w (DE-600)416777-6  |9 42885  |7 as 
856 4 2 |m V:DE-603;B:DE-Mb50  |q application/pdf  |u http://scans.hebis.de/HEBCGI/show.pl?28884121_toc.pdf  |3 Inhaltsverzeichnis 
924 0 |9 Mb 50  |a (DE-603)637529715  |b DE-Mb50  |c HES  |d c  |g 12.00436 
924 0 |9 Ds 123  |a (DE-603)638256178  |b DE-Ds123  |c HES  |d d  |g Lw Lys/N 
924 0 |9 2080  |a (DE-603)793887593  |b DE-2080  |c HES  |d d  |g /